Domundi Mascot Quiz - Statistics

General Stats
  • This quiz has been taken 19 times
  • The average score is 8 of 10
Answer Stats
Parents Mascot % Correct
TutorYim Alinor
94%
TeeteePor BokBear
94%
KengNamping OhAe
94%
TleFirstOne Rainy
94%
LatteKim TMiLk
94%
NetJJ JookKroo
81%
ThomasKong Mr. Toky
81%
ZeeNuNew NongZon
75%
MaxNat HeartDy
63%
AuauSave Mhii Praew
56%
No matching quizzes found
Score Distribution
Percent of People with Each Score
Percentile by Number Answered
Your Score History
You have not taken this quiz